| 000 | 00579nam a2200181Ia 4500 | ||
|---|---|---|---|
| 008 | 090124s9999 xx 000 0 und d | ||
| 082 | _b134254 | ||
| 100 | _aहुद्दार मधुकर | ||
| 245 | _a द मास्टर प्लॅन | ||
| 250 | _a1 | ||
| 260 |
_bहिरळीकर रजनी _c2007 |
||
| 300 | _a188 | ||
| 600 | _aहुद्दार मधुकर | ||
| 630 | _a द मास्टर प्लॅन | ||
| 700 | _aहुद्दार मधुकर | ||
| 730 | _a द मास्टर प्लॅन | ||
| 942 | _cBOOK | ||
| 999 |
_c188379 _d188379 |
||